| 000 | 00613cam a22002293a 4500 | ||
|---|---|---|---|
| 001 | 17573 | ||
| 003 | PGUSA | ||
| 005 | 20140828083356.0 | ||
| 008 | 060122s2006||||xxu|||||s|||||000 1 eng d | ||
| 040 |
_aPGUSA _beng |
||
| 042 | _adc | ||
| 050 | 4 | _aPQ | |
| 100 | 1 |
_aFrance, Hector, _d1837-1908 |
|
| 245 | 1 | 0 |
_aL'amour au pays bleu _h[electronic resource] / _cHector France |
| 260 |
_bProject Gutenberg, _c2006 |
||
| 506 | _aPublic domain in the USA. | ||
| 516 | _aElectronic text | ||
| 653 | _aFiction | ||
| 830 | 0 |
_aProject Gutenberg _v17573 |
|
| 856 | 4 | 0 | _uhttp://www.gutenberg.org/ebooks/17573 |
| 942 | _cEB | ||
| 999 |
_c246828 _d246828 |
||